|
|
|
|
| LEADER |
01860nam a2200445 a 4500 |
| 001 |
nkc20102120928 |
| 003 |
CZ PrNK |
| 005 |
20110304152415.0 |
| 007 |
ta |
| 008 |
100817s2010 xr a f 000 0 cze |
| 015 |
|
|
|a cnb002120928
|
| 020 |
|
|
|a 978-80-01-04497-1
|q (brož.)
|
| 035 |
|
|
|a (OCoLC)713789263
|
| 040 |
|
|
|a BOA001
|b cze
|d OLA001
|
| 072 |
|
7 |
|a 624
|x Stavební inženýrství
|2 Konspekt
|9 19
|
| 080 |
|
|
|a 624.07
|2 MRF
|
| 080 |
|
|
|a 666.972.5
|2 MRF
|
| 080 |
|
|
|a 691.32
|2 MRF
|
| 080 |
|
|
|a (048.8:082)
|2 MRF
|
| 245 |
0 |
0 |
|a Vylehčené stropní desky z vysokohodnotných cementových kompozitů /
|c [autoři Petr Hájek ... et al.]
|
| 250 |
|
|
|a 1. vyd.
|
| 260 |
|
|
|a [Praha] :
|b CIDEAS - Centrum integrovaného navrhování progresivních stavebních konstrukcí :
|b Katedra konstrukcí pozemních staveb - Expertní centrum SUSBSTANCE, Fakulta stavební ČVUT v Praze,
|c 2010
|
| 300 |
|
|
|a 102 s. :
|b il. ;
|c 21 cm
|
| 500 |
|
|
|a Na obálce uvedeno Petr Hájek a kolektiv
|
| 500 |
|
|
|a 200 výt.
|
| 504 |
|
|
|a Obsahuje bibliografii
|
| 650 |
0 |
7 |
|a stropní konstrukce
|7 ph116302
|2 czenas
|
| 650 |
0 |
7 |
|a vysokohodnotný beton
|7 ph327606
|2 czenas
|
| 650 |
0 |
9 |
|a ceilings
|2 eczenas
|
| 650 |
0 |
9 |
|a high strength concrete
|2 eczenas
|
| 655 |
|
7 |
|a kolektivní monografie
|7 fd501537
|2 czenas
|
| 655 |
|
9 |
|a collective monographs
|2 eczenas
|
| 700 |
1 |
|
|a Hájek, Petr,
|d 1955-
|7 ntka172699
|4 aut
|
| 856 |
4 |
1 |
|u http://www.digitalniknihovna.cz/mzk/uuid/uuid:08b4afa0-5bef-11e7-a0ea-005056827e52
|y Digitalizovaný dokument
|x NDK
|
| 910 |
2 |
|
|a BOA001
|b 2-1248.090
|
| 928 |
9 |
|
|a České vysoké učení technické, Stavební fakulta, katedra konstrukcí pozemních staveb - Expertní centrum SUBSTANCE
|
| 990 |
|
|
|a BK
|
| 995 |
|
|
|a 01
|
| 991 |
|
|
|b 201009
|c NOV
|e n
|
| 996 |
6 |
|
|b 2610445628
|c 2-1248.090
|l MZK
|r Sklad / do 1 hodiny
|n 1
|p p.v.
|w 001138683
|u 000010
|a 1
|e BOA001
|j MZK50
|s P
|